[Event "Titled Tue 1st Jul Early"]
[Site "chess.com INT"]
[Date "2025.07.01"]
[Round "3"]
[White "Radionov, Timur"]
[Black "Aakash, G"]
[Result "1-0"]
[WhiteTitle "FM"]
[BlackTitle "FM"]
[WhiteElo "2200"]
[BlackElo "2126"]
[WhiteFideId "34178772"]
[BlackFideId "25644394"]
[EventDate "2025.07.01"]

1. e4 e6 2. d4 d5 3. Nd2 Nf6 4. e5 Nfd7 5. Bd3 c5 6. c3 Nc6 7. Ne2 cxd4 8. cxd4
f6 9. exf6 Nxf6 10. Nf3 Bd6 11. O-O O-O 12. Bg5 Qc7 13. Bh4 Ne4 14. Nc3 Nxc3 15.
bxc3 h6 16. Bg3 Bd7 17. Re1 Rf6 18. Ne5 Bxe5 19. Bxe5 Nxe5 20. dxe5 Rf7 21. Qg4
Raf8 22. Qg6 Rf4 23. Qh7+ Kf7 24. Bg6+ Ke7 25. Qxg7+ Kd8 26. f3 Qxc3 27. Qxh6
Qd4+ 28. Kh1 Kc7 29. Rac1+ Kb8 30. Qg7 Qa4 31. Bc2 Qc6 32. Bf5 R4xf5 33. Rxc6
Bxc6 34. Qe7 Re8 35. Qd6+ Kc8 36. Rc1 Rf7 37. Qc5 Kb8 38. h4 Rh8 39. Qd4 Bd7 40.
g3 Rxf3 41. Kg2 Rf7 42. Rf1 Rg7 43. Rf6 Rhg8 44. Qf4 d4 45. Rf8+ Kc7 46. Rxg8
Rxg8 47. Qxd4 Bc6+ 48. Kh3 Rf8 49. Qd6+ Kb6 50. Qxf8 1-0

[Event "Titled Tue 1st Jul Early"]
[Site "chess.com INT"]
[Date "2025.07.01"]
[Round "3"]
[White "Shubenkova, Veronika"]
[Black "Chiappero, Julio Alfredo"]
[Result "0-1"]
[WhiteTitle "WFM"]
[BlackTitle "FM"]
[WhiteElo "2031"]
[BlackElo "2238"]
[WhiteFideId "44124040"]
[BlackFideId "139998"]
[EventDate "2025.07.01"]

1. e4 c5 2. Nf3 e6 3. c4 Nc6 4. Nc3 Nd4 5. d3 Ne7 6. Be3 Nec6 7. Be2 g6 8. O-O
Bg7 9. Qd2 O-O 10. Rab1 d6 11. b3 Rb8 12. Nb5 Nxe2+ 13. Qxe2 a6 14. Na3 b5 15.
Nc2 Qa5 16. a3 bxc4 17. dxc4 Bb7 18. Bd2 Qc7 19. Rfd1 Rbe8 20. Qd3 f5 21. exf5
gxf5 22. Bc3 Rd8 23. Ng5 Rfe8 24. Re1 Ne5 25. Qh3 h6 26. Nxe6 Rxe6 27. f4 Rg6
28. fxe5 Bxg2 29. Qh5 Qf7 30. Kf2 Be4 31. Ke3 Rg3+ 32. hxg3 Qxh5 33. Re2 Qg5+
34. Kf2 dxe5 35. Rbe1 Rd3 36. Re3 Rxe3 37. Nxe3 f4 38. gxf4 exf4 39. Nd1 Qg2# 0-1

[Event "Titled Tue 1st Jul Early"]
[Site "chess.com INT"]
[Date "2025.07.01"]
[Round "3"]
[White "Arhan, Chethan Anand"]
[Black "Gardezi, Arsal"]
[Result "0-1"]
[WhiteTitle "IM"]
[WhiteElo "2394"]
[BlackElo "2084"]
[WhiteFideId "45062510"]
[BlackFideId "30949521"]
[EventDate "2025.07.01"]

1. e4 e5 2. Nf3 Nc6 3. Bc4 Nf6 4. d3 Bc5 5. O-O O-O 6. Nc3 h6 7. Na4 Be7 8. Be3
d5 9. exd5 Nxd5 10. Bd2 Bg4 11. h3 Bh5 12. g4 Bg6 13. Nc3 Nb6 14. Bb3 Bd6 15.
Ne4 Be7 16. Qe2 Kh8 17. Ng3 Bd6 18. Bc3 Re8 19. Ne4 Nd4 20. Nxd4 exd4 21. Bxd4
Qh4 22. Qf3 Kg8 23. Nxd6 cxd6 24. Rae1 Nd7 25. Qg3 Qxg3+ 26. fxg3 Ne5 27. Bd5
Rac8 28. Re2 b6 29. Kg2 Kh7 30. Rfe1 f6 31. Bc3 Red8 32. Be4 Bxe4+ 33. Rxe4 d5
34. Ra4 d4 35. Rxd4 Rxd4 36. Bxd4 Rxc2+ 37. Bf2 Nxd3 38. Rf1 Rxb2 39. a4 Kg6 40.
Kf3 Nxf2 41. Rxf2 Rxf2+ 42. Kxf2 Kf7 43. Ke3 Ke6 44. Kd4 Kd6 45. Kc4 a6 46. h4
g5 47. hxg5 hxg5 48. Kd4 b5 49. axb5 axb5 50. Kc3 Kc5 0-1

[Event "Titled Tue 1st Jul Early"]
[Site "chess.com INT"]
[Date "2025.07.01"]
[Round "3"]
[White "Burmakin, Evgeniy"]
[Black "Danzer, George"]
[Result "1-0"]
[WhiteTitle "FM"]
[BlackTitle "CM"]
[WhiteElo "2110"]
[BlackElo "2172"]
[WhiteFideId "4163729"]
[BlackFideId "4659465"]
[EventDate "2025.07.01"]

1. e4 c5 2. Nf3 d6 3. d4 cxd4 4. Nxd4 Nf6 5. Nc3 a6 6. f3 e5 7. Nb3 Be6 8. Be3
b5 9. g4 Nfd7 10. Qd2 Nb6 11. Na5 Nc4 12. Nxc4 bxc4 13. Nd5 Nd7 14. Bxc4 Be7 15.
O-O-O O-O 16. Bb3 Nc5 17. Nxe7+ Qxe7 18. Qxd6 Qxd6 19. Rxd6 Nxb3+ 20. axb3 a5
21. Rhd1 h6 22. Rc6 Rfb8 23. Bc5 Rb5 24. Ba3 a4 25. bxa4 Rxa4 26. Rd8+ Kh7 27.
Kd2 Ra7 28. h4 h5 29. g5 Bh3 30. c3 Bg2 31. Ke3 Bh3 32. Rd5 Rxd5 33. exd5 Bd7
34. Rb6 Ra4 35. Bb4 Ra1 36. Rb7 Bb5 37. Rxb5 1-0

[Event "Titled Tue 1st Jul Early"]
[Site "chess.com INT"]
[Date "2025.07.01"]
[Round "3"]
[White "Sahakyan, Aleks"]
[Black "Galaktionov, Artem"]
[Result "1/2-1/2"]
[WhiteTitle "IM"]
[BlackTitle "FM"]
[WhiteElo "2405"]
[BlackElo "2360"]
[WhiteFideId "13316338"]
[BlackFideId "24175471"]
[EventDate "2025.07.01"]

1. e4 c6 2. d4 d6 3. Nc3 g6 4. g3 Bg7 5. Bg2 Nd7 6. Nge2 e5 7. dxe5 dxe5 8. Be3
Ngf6 9. h3 O-O 10. Qd6 Re8 11. O-O-O Qa5 12. Kb1 Bf8 13. Qd2 b5 14. Nd5 Qxd2 15.
Nxf6+ Nxf6 16. Rxd2 Be6 17. Nc1 c5 18. Rhd1 c4 19. c3 a5 20. f4 Rab8 21. fxe5
Nh5 22. Ne2 b4 23. Ka1 bxc3 24. bxc3 Ba3 25. g4 Ng7 26. Nd4 h5 27. Bf3 hxg4 28.
hxg4 Rb7 29. Bg5 Reb8 30. Nc6 Bb2+ 31. Rxb2 Rxb2 32. Nxb8 Rxb8 33. Rd8+ Rxd8 34.
Bxd8 a4 35. Kb2 Bd7 36. Ka3 Ne6 37. Bb6 Ng5 38. Be2 Nxe4 39. Kb4 Nd2 40. Be3 Ne4
41. Bf3 Ng3 42. Bf4 Nf1 43. Be2 g5 44. Bxg5 Nh2 45. Bf4 Nxg4 46. Bxg4 Bxg4 47.
Kxa4 Kf8 48. Kb5 Ke7 49. a4 Kd7 50. a5 Bf3 51. a6 Kc8 52. Kb6 Bd5 53. Kc5 Be6
54. Bg5 Kb8 55. Kb6 Ka8 56. Be7 Bf5 57. Bc5 Be6 58. Kc7 Bf5 59. Kc6 Be6 60. Bb6
Bc8 61. Kb5 Be6 62. Kc5 Kb8 63. Kd4 Ka8 64. Bc5 Kb8 65. Bb6 Ka8 66. Kc5 Kb8 67.
Kd6 Ka8 68. Kc7 Bd5 69. Kd8 Be6 70. Ke7 Kb8 71. Kd6 Ka8 72. Bd4 Kb8 73. Kc5 Ka8
74. Kb6 Kb8 75. Bc5 Ka8 76. Bd4 Kb8 77. Bc5 Ka8 1/2-1/2

[Event "Titled Tue 1st Jul Early"]
[Site "chess.com INT"]
[Date "2025.07.01"]
[Round "3"]
[White "Shandrygin, Nikita"]
[Black "Hobaica, Juan Pablo"]
[Result "1-0"]
[WhiteTitle "FM"]
[BlackTitle "IM"]
[WhiteElo "2209"]
[BlackElo "2386"]
[WhiteFideId "24198668"]
[BlackFideId "104159"]
[EventDate "2025.07.01"]

1. Nf3 d6 2. d4 Bg4 3. c4 Nf6 4. Nc3 g6 5. Bg5 Bg7 6. Qd2 Nbd7 7. Ng1 h6 8. Bh4
g5 9. Bg3 e5 10. dxe5 Nxe5 11. e4 Be6 12. b3 Nh5 13. Rc1 Nxg3 14. hxg3 c6 15.
Nf3 Qe7 16. Nd4 Ng6 17. Be2 O-O-O 18. Nd5 cxd5 19. cxd5+ Kb8 20. dxe6 fxe6 21.
Nb5 a6 22. Rc7 Rd7 23. Rxd7 Qxd7 24. Qxd6+ Qxd6 25. Nxd6 Rd8 26. Nc4 b5 27. Ne3
Bc3+ 28. Kf1 Bg7 29. a4 bxa4 30. bxa4 Rd4 31. Bxa6 Rxa4 32. Be2 Ra1+ 33. Bd1 Ne5
34. Ke2 Ra2+ 35. Bc2 Nc4 36. Rb1+ Kc7 37. Nxc4 Rxc2+ 38. Nd2 Bc3 39. Rd1 Ba5 40.
Kd3 Rc3+ 41. Kd4 Rc2 42. Nc4 1-0

[Event "Titled Tue 1st Jul Early"]
[Site "chess.com INT"]
[Date "2025.07.01"]
[Round "3"]
[White "Khoo-Thwe, Louis"]
[Black "Bulatova, Kamaliya"]
[Result "1-0"]
[WhiteTitle "CM"]
[BlackTitle "WFM"]
[WhiteElo "2232"]
[BlackElo "2091"]
[WhiteFideId "1538756"]
[BlackFideId "34111546"]
[EventDate "2025.07.01"]

1. e4 c5 2. Nf3 d6 3. Nc3 e6 4. g3 a6 5. Bg2 b5 6. d4 cxd4 7. Nxd4 Bb7 8. O-O
Be7 9. Re1 Nd7 10. Be3 Rc8 11. Qd2 Ngf6 12. e5 dxe5 13. Bxb7 exd4 14. Bxc8 dxe3
15. Bxd7+ Nxd7 16. Qxe3 O-O 17. Rad1 Qc7 18. Nd5 exd5 19. Qxe7 Qc6 20. Re2 Nf6
21. Rde1 h5 22. Qe5 Qc4 23. Qf4 Qxa2 24. Qd4 Qa5 25. Re5 Qc7 26. Rg5 Kh8 27. c3
Qc8 28. Ree5 Qh3 29. Qd1 g6 30. Qd4 Kh7 31. Re7 Ng4 32. Rxg4 Qxg4 33. Qxd5 Qc8
34. Rxf7+ Rxf7 35. Qxf7+ Kh6 36. h4 Qd8 37. Qf4+ Kh7 38. Qd4 1-0

[Event "Titled Tue 1st Jul Early"]
[Site "chess.com INT"]
[Date "2025.07.01"]
[Round "3"]
[White "Nazin, Roman"]
[Black "Vihaan Dumir"]
[Result "1-0"]
[WhiteTitle "CM"]
[BlackTitle "CM"]
[WhiteElo "2250"]
[BlackElo "2143"]
[WhiteFideId "4137167"]
[BlackFideId "25901010"]
[EventDate "2025.07.01"]

1. d4 Nf6 2. Nf3 e6 3. c4 Bb4+ 4. Nbd2 b6 5. e3 O-O 6. Bd3 Bb7 7. O-O Bxd2 8.
Bxd2 Ne4 9. Qe2 a5 10. Rfd1 d6 11. Rac1 Nd7 12. Be1 f5 13. Nd2 Rf6 14. f3 Nxd2
15. Bxd2 c5 16. Bc3 Rh6 17. Qf2 Qe7 18. Bf1 cxd4 19. Rxd4 e5 20. Rd2 Nc5 21.
Rcd1 Rd8 22. b3 Qg5 23. Bxe5 Rg6 24. Rxd6 Re8 25. Bf4 Qe7 26. Rxg6 hxg6 27. Qg3
Qf7 28. Rd6 Re6 29. Rd8+ Re8 30. Rd6 Re6 31. Rxe6 Nxe6 32. Be5 Nc5 33. Bd4 Nd7
34. Qd6 Kh7 35. a3 Kg8 36. b4 axb4 37. axb4 Kh7 38. Bxb6 Nxb6 39. Qxb6 Qe7 40.
b5 1-0

[Event "Titled Tue 1st Jul Early"]
[Site "chess.com INT"]
[Date "2025.07.01"]
[Round "3"]
[White "Jinan, Jomon"]
[Black "Brancaleoni, Maurizio"]
[Result "1-0"]
[WhiteTitle "FM"]
[BlackTitle "FM"]
[WhiteElo "2309"]
[BlackElo "2185"]
[WhiteFideId "35002511"]
[BlackFideId "803022"]
[EventDate "2025.07.01"]

1. e4 c6 2. d4 d5 3. Nc3 dxe4 4. Nxe4 Nf6 5. Nxf6+ exf6 6. c3 Bd6 7. Bd3 O-O 8.
Qc2 Re8+ 9. Ne2 h6 10. Be3 Nd7 11. O-O-O Rb8 12. c4 b5 13. c5 Bc7 14. Be4 Bb7
15. d5 cxd5 16. Bxd5 Bxd5 17. Rxd5 Qe7 18. Nd4 Ne5 19. Kb1 Nc4 20. Bc1 Be5 21.
Nf5 Qe6 22. Rhd1 g6 23. Nxh6+ Kg7 24. b3 f5 25. h3 Bf6 26. g4 Ne5 27. g5 Be7 28.
Bb2 f6 29. f4 Rbd8 30. fxe5 fxg5 31. Rxd8 Rxd8 32. Rxd8 Bxd8 33. Qd3 Be7 34.
Qxb5 Kxh6 35. c6 f4 36. Qb8 Qf5+ 37. Ka1 Qc2 38. Qh8# 1-0

[Event "Titled Tue 1st Jul Early"]
[Site "chess.com INT"]
[Date "2025.07.01"]
[Round "3"]
[White "Jakovljevic, Dejan"]
[Black "Birkisson, Bjorn Holm"]
[Result "0-1"]
[WhiteTitle "CM"]
[BlackTitle "CM"]
[WhiteElo "1956"]
[BlackElo "2159"]
[WhiteFideId "949418"]
[BlackFideId "2310600"]
[EventDate "2025.07.01"]

1. e4 c5 2. c3 d5 3. exd5 Qxd5 4. Nf3 Nf6 5. Na3 Qd8 6. d4 cxd4 7. Nxd4 e5 8.
Bb5+ Bd7 9. Qe2 Be7 10. Qxe5 O-O 11. O-O a6 12. Bd3 Re8 13. Nc4 Nc6 14. Nxc6
Bxc6 15. Qf5 g6 16. Qh3 Qd5 17. Rd1 Bc5 18. Ne3 Qe5 19. Bf1 h5 20. Qg3 Qe7 21.
Nf5 Qe6 22. Bd3 Ng4 23. Be3 Nxe3 24. Nxe3 Bxe3 25. fxe3 Qxe3+ 26. Qxe3 Rxe3 27.
Bc4 Kg7 28. Rf1 f5 29. Rae1 Rae8 30. Kf2 Rxe1 31. Rxe1 Rxe1 32. Kxe1 Bxg2 33. h4
Kf6 34. Kf2 Bc6 35. b4 g5 36. hxg5+ Kxg5 37. Be2 h4 38. c4 f4 39. b5 axb5 40.
cxb5 h3 41. bxc6 bxc6 42. Bf3 c5 43. Kg1 c4 44. Kh2 c3 45. Bd1 Kh4 46. a4 f3 47.
a5 f2 48. Be2 c2 49. a6 c1=Q 50. a7 Qf4+ 51. Kh1 Qe4+ 0-1

[Event "Titled Tue 1st Jul Early"]
[Site "chess.com INT"]
[Date "2025.07.01"]
[Round "3"]
[White "Esipenko, Andrey"]
[Black "Leiva, Gianmarco"]
[Result "1-0"]
[WhiteTitle "GM"]
[BlackTitle "IM"]
[WhiteElo "2679"]
[BlackElo "2387"]
[WhiteFideId "24175439"]
[BlackFideId "3804399"]
[EventDate "2025.07.01"]

1. d4 d5 2. Nf3 e6 3. g3 Nf6 4. Bg2 b5 5. O-O Bb7 6. a4 b4 7. c4 dxc4 8. Nbd2
Nbd7 9. Nxc4 a5 10. Bf4 Nd5 11. Nfe5 f6 12. Nd3 Qb8 13. Rc1 Be7 14. e4 Nxf4 15.
Nxf4 Kf7 16. Nxe6 Kxe6 17. Qg4+ Kf7 18. Qxd7 Rd8 19. Qf5 g6 20. Ne5+ Ke8 21.
Nxg6 hxg6 22. Qxg6+ Kf8 23. e5 Ra6 24. Qh6+ Kf7 25. Qh7+ Kf8 26. Bf3 Bxf3 27.
Rce1 Rxd4 28. e6 Rxe6 29. Rxe6 Qd8 30. Rfe1 Rd7 31. h4 Bd5 32. Qh8+ Kf7 33. Qh7+
Kf8 34. Qh6+ Kf7 35. Qh5+ Kf8 36. R6e3 Bg8 37. Qh6+ Kf7 38. h5 1-0

[Event "Titled Tue 1st Jul Early"]
[Site "chess.com INT"]
[Date "2025.07.01"]
[Round "3"]
[White "Sharapov, Yevhen"]
[Black "Grischuk, Alexander"]
[Result "0-1"]
[WhiteTitle "GM"]
[BlackTitle "GM"]
[WhiteElo "2375"]
[BlackElo "2667"]
[WhiteFideId "14103133"]
[BlackFideId "4126025"]
[EventDate "2025.07.01"]

1. e4 e5 2. Nf3 Nc6 3. Nc3 Nf6 4. Bb5 Bd6 5. O-O O-O 6. h3 a6 7. Bxc6 dxc6 8. d4
Nd7 9. Bg5 Qe8 10. Re1 f6 11. Be3 Kh8 12. Qd2 b5 13. a3 Bb7 14. Rad1 Rd8 15. Qc1
c5 16. d5 Nb6 17. b3 Qe7 18. Ne2 c4 19. b4 Na4 20. c3 c6 21. Ng3 g6 22. Qc2 cxd5
23. exd5 Bb8 24. Bh6 Rfe8 25. h4 Rxd5 26. Rxd5 Bxd5 27. h5 Qf7 28. Nh4 e4 29.
hxg6 hxg6 30. Qd2 f5 31. Bf4 Bxf4 32. Qxf4 Kh7 33. Kh2 Nb2 34. Rh1 Nd3 35. Qg5
f4 36. Kg1 Nxf2 37. Nxg6+ Nxh1 38. Qh5+ Kg7 39. Nf5+ Kf6 40. Qh4+ Kxf5 41. Qxf4+
Kxg6 0-1

[Event "Titled Tue 1st Jul Early"]
[Site "chess.com INT"]
[Date "2025.07.01"]
[Round "3"]
[White "Aalto, Patrik"]
[Black "Saydaliev, Saidakbar"]
[Result "0-1"]
[WhiteTitle "FM"]
[BlackTitle "IM"]
[WhiteElo "2316"]
[BlackElo "2457"]
[WhiteFideId "510726"]
[BlackFideId "14203693"]
[EventDate "2025.07.01"]

1. c4 e6 2. Nf3 d5 3. g3 Nf6 4. Bg2 Be7 5. O-O O-O 6. b3 a5 7. d3 b6 8. Bb2 Bb7
9. cxd5 exd5 10. Nbd2 Nbd7 11. Qc2 a4 12. Rac1 c5 13. bxa4 d4 14. e3 dxe3 15.
fxe3 Nd5 16. Nc4 Bf6 17. Bxf6 N7xf6 18. Rcd1 Bc6 19. a5 Nb4 20. Qb3 b5 21. Nce5
Bd5 22. Qc3 Qxa5 23. Qxc5 Rac8 24. Qd4 Nxa2 25. e4 Bb3 26. Ra1 Rfd8 27. Qb2 Qa4
28. Rfb1 Rc3 29. Nd2 Qd4+ 30. Kh1 Qxe5 31. Nxb3 Nb4 32. d4 Qc7 33. Nc5 Rc4 34.
Rc1 Nc6 35. Qxb5 Rxc1+ 36. Rxc1 Nxd4 37. Qc4 Ng4 38. h3 Ne3 39. Qd3 Qxg3 40. Rg1
h5 41. Qa6 Nf3 42. Bxf3 Qxh3# 0-1

[Event "Titled Tue 1st Jul Early"]
[Site "chess.com INT"]
[Date "2025.07.01"]
[Round "3"]
[White "Atoyan, Alberto"]
[Black "Kollars, Dmitrij"]
[Result "0-1"]
[WhiteTitle "CM"]
[BlackTitle "GM"]
[WhiteElo "2302"]
[BlackElo "2644"]
[WhiteFideId "13314831"]
[BlackFideId "12909572"]
[EventDate "2025.07.01"]

1. d4 Nf6 2. c4 e6 3. g3 c5 4. d5 exd5 5. cxd5 d6 6. Bg2 g6 7. Nc3 Bg7 8. e4 O-O
9. Nf3 b5 10. Nd2 b4 11. Ne2 Nbd7 12. Nc4 Nb6 13. Qc2 Re8 14. Bf4 Nxc4 15. Qxc4
a5 16. O-O Ba6 17. Qc2 Nxd5 18. Rfd1 Nxf4 19. Nxf4 Be5 20. Nd5 a4 21. Rac1 Qb8
22. b3 axb3 23. axb3 Kg7 24. Bf1 Bxf1 25. Kxf1 Ra3 26. Qc4 Qa7 27. f4 Bb2 28.
Rc2 Bd4 29. Nxb4 Ra1 30. Rd2 Rxd1+ 31. Rxd1 Rxe4 32. Nc6 Qb6 33. Nxd4 cxd4 34.
b4 f5 35. b5 Qc5 36. Rc1 Qa3 37. Kg2 Kh6 38. Rb1 d3 39. Qd5 Qc3 40. Kh3 Qc2 41.
Rb3 Re2 0-1

[Event "Titled Tue 1st Jul Early"]
[Site "chess.com INT"]
[Date "2025.07.01"]
[Round "3"]
[White "Grandelius, Nils"]
[Black "Rohit, S"]
[Result "1-0"]
[WhiteTitle "GM"]
[BlackTitle "FM"]
[WhiteElo "2642"]
[BlackElo "2215"]
[WhiteFideId "1710400"]
[BlackFideId "46633847"]
[EventDate "2025.07.01"]

1. d4 d5 2. c4 e6 3. Nc3 h6 4. cxd5 exd5 5. Bf4 Nf6 6. e3 Bd6 7. Bxd6 Qxd6 8.
Bd3 O-O 9. Nge2 Re8 10. O-O c6 11. Qd2 Nbd7 12. f3 a6 13. e4 dxe4 14. fxe4 Ng4
15. Qf4 Qxf4 16. Nxf4 c5 17. Ncd5 Rb8 18. h3 Ngf6 19. Nxf6+ Nxf6 20. dxc5 Nxe4
21. b4 Bd7 22. Rae1 Nc3 23. Bc4 Bb5 24. Bxb5 axb5 25. a3 Ra8 26. Rxe8+ Rxe8 27.
Rf3 Ne2+ 28. Kf2 Nxf4 29. Rxf4 Kf8 30. Rd4 Ra8 31. Rd7 Rb8 32. Ke3 Ke8 33. Rc7
g6 34. Kf4 f6 35. Rh7 Rd8 36. Rxb7 Rd3 37. Rxb5 Rxa3 38. Rb8+ Ke7 39. b5 Rc3 40.
c6 Kd6 41. Rd8+ Kc7 42. Rd7+ Kc8 43. Rg7 Rc4+ 44. Kg3 g5 45. Rg6 h5 46. Rxf6 Kc7
47. Rf7+ Kc8 48. Rf5 h4+ 49. Kh2 g4 50. hxg4 Rxg4 51. b6 Rg8 52. Ra5 Kb8 53. Ra7 1-0

[Event "Titled Tue 1st Jul Early"]
[Site "chess.com INT"]
[Date "2025.07.01"]
[Round "3"]
[White "Csonka, Balazs"]
[Black "Yalcinkaya, Efe"]
[Result "0-1"]
[WhiteTitle "IM"]
[BlackTitle "CM"]
[WhiteElo "2467"]
[BlackElo "2225"]
[WhiteFideId "742910"]
[BlackFideId "44506619"]
[EventDate "2025.07.01"]

1. d4 Nf6 2. c4 c5 3. Nf3 g6 4. Nc3 cxd4 5. Nxd4 Bg7 6. e4 d6 7. Be2 O-O 8. Be3
Nc6 9. O-O Bd7 10. h3 Nxd4 11. Bxd4 Bc6 12. Qc2 Qc7 13. Rad1 Rac8 14. b3 b6 15.
Nd5 Bxd5 16. exd5 Nd7 17. Bxg7 Kxg7 18. Rfe1 Rce8 19. Bf1 a5 20. Re3 Nc5 21.
Rde1 Qd7 22. Qe2 e5 23. dxe6 Rxe6 24. Rxe6 fxe6 25. Qd2 e5 26. Rd1 Rf6 27. g3
Ne4 28. Qe3 Nxf2 29. Rd2 Nxh3+ 30. Kg2 h6 31. Qe1 Ng5 32. Qe2 Qb7+ 33. Rd5 Qf7
34. Qd1 Rf2+ 35. Kg1 Qf6 36. Rxd6 Rxf1+ 37. Qxf1 Qxd6 38. Qe2 Qd4+ 39. Kh2 e4
40. Qg4 Nf3+ 41. Kh3 h5 42. Qc8 Qf6 43. Qc7+ Kh6 44. Qb8 Ng5+ 45. Kg2 Qf3+ 46.
Kg1 Qe3+ 47. Kg2 Qf3+ 48. Kg1 Qf6 49. Kg2 e3 50. Qe8 Qf3+ 51. Kh2 e2 52. Qh8+
Nh7 0-1

[Event "Titled Tue 1st Jul Early"]
[Site "chess.com INT"]
[Date "2025.07.01"]
[Round "3"]
[White "Loftgaard, Mikkel Vinh"]
[Black "Zong, Davis"]
[Result "1-0"]
[WhiteTitle "FM"]
[BlackTitle "FM"]
[WhiteElo "2281"]
[BlackElo "2242"]
[WhiteFideId "1468480"]
[BlackFideId "30903955"]
[EventDate "2025.07.01"]

1. e4 e5 2. Nf3 Nc6 3. d4 exd4 4. Nxd4 Nf6 5. Nc3 Bb4 6. Nxc6 bxc6 7. Bd3 O-O 8.
O-O d5 9. exd5 cxd5 10. Bg5 c6 11. Qf3 h6 12. Bh4 g5 13. Bg3 Bg4 14. Qe3 d4 15.
Qe5 dxc3 16. bxc3 Qe7 17. cxb4 Qxe5 18. Bxe5 Nd5 19. Rfe1 Nxb4 20. Be4 f5 21. a3
fxe4 22. axb4 Rfe8 23. Rxe4 Bf5 24. Re2 Bxc2 25. Rxc2 Rxe5 26. Rxc6 Rb5 27. Rxh6
Rxb4 28. Rg6+ Kf7 29. Rxg5 a5 30. g3 a4 31. Rd5 a3 32. Rd2 Rb2 33. Rdd1 a2 34.
Kg2 Rab8 35. Rd7+ Ke6 36. Ra7 Rf8 37. Rf1 Kd5 38. h4 Kc4 39. Rc1+ Kb3 40. Rb7+
Ka3 41. Rc3+ Ka4 42. Ra7+ Kb4 43. Rca3 Rfxf2+ 44. Kh3 Rb3 45. Rxa2 Rff3 46. Rb7+
Kc4 47. Rxb3 Kxb3 48. Ra6 1-0

[Event "Titled Tue 1st Jul Early"]
[Site "chess.com INT"]
[Date "2025.07.01"]
[Round "3"]
[White "Zhou, Yuxu"]
[Black "Li, Hui"]
[Result "1-0"]
[WhiteTitle "CM"]
[BlackTitle "CM"]
[WhiteElo "2197"]
[BlackElo "2065"]
[WhiteFideId "8626421"]
[BlackFideId "15400310"]
[EventDate "2025.07.01"]

1. e4 e5 2. Nf3 Nf6 3. Nxe5 d6 4. Nf3 Nxe4 5. d4 d5 6. Bd3 Nc6 7. O-O Be7 8.
Nbd2 Nxd2 9. Bxd2 Bg4 10. c3 O-O 11. h3 Bh5 12. g3 Qd7 13. Kg2 Bg6 14. Bxg6 hxg6
15. Bf4 Bd6 16. Bxd6 Qxd6 17. Qd3 Rfe8 18. Rfe1 a6 19. a4 Qd7 20. b4 Rxe1 21.
Rxe1 Re8 22. b5 axb5 23. axb5 Na5 24. Ne5 Qf5 25. Qxf5 gxf5 26. Ra1 b6 27. Kf3
f6 28. Nd3 Kf7 29. Nb4 Rd8 30. h4 g6 31. Re1 Rd6 32. Kf4 Rd8 33. h5 gxh5 34.
Kxf5 Rd6 35. Rh1 c5 36. bxc6 Nxc6 37. Rxh5 Nxb4 38. cxb4 Kg7 39. b5 Rd8 40. Rh4
Rc8 41. Rg4+ Kf7 42. Rg6 Rc4 43. Rxf6+ Ke7 44. Rxb6 Rxd4 45. Ke5 Rd2 46. Rb7+
Kf8 47. f4 Rg2 48. Kxd5 Rxg3 49. Rd7 Ke8 50. Rh7 Rd3+ 51. Kc6 Rc3+ 52. Kb7 Rf3
53. b6 Rxf4 54. Ka7 Ra4+ 55. Kb8 Rb4 56. b7 Kd8 57. Rh1 Kd7 58. Rd1+ Ke7 59. Ra1
Kd6 60. Ka8 Kc7 61. Rc1+ Kd7 62. b8=Q 1-0

[Event "Titled Tue 1st Jul Early"]
[Site "chess.com INT"]
[Date "2025.07.01"]
[Round "3"]
[White "Kiremitciyan, Ari"]
[Black "Ishvi, Aggarwal"]
[Result "0-1"]
[WhiteTitle "FM"]
[BlackTitle "WCM"]
[WhiteElo "2271"]
[BlackElo "1954"]
[WhiteFideId "6373445"]
[BlackFideId "25728890"]
[EventDate "2025.07.01"]

1. Nf3 Nf6 2. g3 g6 3. b3 Bg7 4. Bb2 d5 5. Bg2 c5 6. O-O Nc6 7. d4 cxd4 8. Nxd4
O-O 9. Nxc6 bxc6 10. Nd2 Qc7 11. c4 Rd8 12. Rc1 Qa5 13. Bc3 Qa6 14. Bxf6 Bxf6
15. Qc2 Bb7 16. e4 d4 17. Nf3 c5 18. e5 Bg7 19. Rfe1 e6 20. Nh4 Bxg2 21. Nxg2
Qc6 22. Rcd1 a5 23. Nf4 a4 24. Nd3 axb3 25. axb3 Ra3 26. Ra1 Rda8 27. Rxa3 Rxa3
28. Qb2 Ra5 29. Ra1 Qb6 30. Ra2 Qa6 31. Rxa5 Qxa5 32. Kg2 Bf8 33. f3 Kg7 34. Qc2
Qa1 35. h4 Be7 36. f4 h5 37. Nf2 Qe1 38. Nd3 Qe4+ 39. Kh2 Bd8 40. Qd2 Bc7 41.
Nf2 Qf3 0-1

[Event "Titled Tue 1st Jul Early"]
[Site "chess.com INT"]
[Date "2025.07.01"]
[Round "3"]
[White "Skliarov, Viktor"]
[Black "Logachiov, Aleksandr"]
[Result "0-1"]
[WhiteTitle "IM"]
[BlackTitle "CM"]
[WhiteElo "2334"]
[BlackElo "2129"]
[WhiteFideId "14106736"]
[BlackFideId "24123706"]
[EventDate "2025.07.01"]

1. e4 c5 2. Nf3 Nc6 3. Bb5 e5 4. Bxc6 dxc6 5. d3 Bd6 6. h3 f6 7. Nbd2 Be6 8. O-O
Ne7 9. Nc4 Bc7 10. Be3 b6 11. Qe2 Qd7 12. a4 g5 13. Nh2 h5 14. c3 Kf7 15. Rad1
g4 16. h4 Bxc4 17. dxc4 Qe6 18. f4 exf4 19. Bxf4 Bxf4 20. Rxf4 Ng6 21. Rf5 Nxh4
22. Rff1 Ng6 23. Rf5 Nh4 24. Rff1 Rhe8 25. Qf2 Ng6 26. Rfe1 Rad8 27. Rxd8 Rxd8
28. b3 Qe5 29. Qe3 Qf4 30. Nf1 h4 31. Qe2 Ne5 32. Ne3 Qxe4 33. Qf1 Rd2 34. Nxg4
Qxg4 35. Rxe5 Qxg2+ 36. Qxg2 Rxg2+ 37. Kxg2 fxe5 38. Kh3 Kf6 39. Kxh4 Kf5 40.
Kg3 Ke4 41. Kf2 Kd3 42. a5 Kxc3 0-1

[Event "Titled Tue 1st Jul Early"]
[Site "chess.com INT"]
[Date "2025.07.01"]
[Round "3"]
[White "Bok, Benjamin"]
[Black "Cordoba Roa, Angel Gabriel"]
[Result "1-0"]
[WhiteTitle "GM"]
[BlackTitle "FM"]
[WhiteElo "2593"]
[BlackElo "2396"]
[WhiteFideId "1017063"]
[BlackFideId "3957624"]
[EventDate "2025.07.01"]

1. d4 Nf6 2. c4 e6 3. Nc3 d5 4. cxd5 exd5 5. Bg5 Be6 6. e3 Nbd7 7. Bd3 c6 8. f3
Be7 9. Nge2 h6 10. Bh4 Nh5 11. Bf2 g5 12. Qc2 b5 13. g4 Nhf6 14. h4 Rg8 15. hxg5
hxg5 16. Ng3 b4 17. Na4 Rc8 18. Nf5 Qa5 19. b3 c5 20. dxc5 Nxc5 21. Nxc5 Rxc5
22. Qd2 Rc3 23. Ke2 Bd7 24. Rhc1 Bb5 25. Rxc3 bxc3 26. Bxb5+ Qxb5+ 27. Qd3 Qa5
28. Be1 Rh8 29. Bxc3 Rh2+ 30. Kf1 Qb6 31. Kg1 Qc7 32. Qb5+ Nd7 33. Bb4 Bf6 34.
Rc1 Qxc1+ 35. Kxh2 Qb2+ 36. Kh3 Qxa2 37. Qxd5 Qa6 38. Qa8+ Bd8 39. Qe4+ Ne5 40.
Qxe5+ Kd7 41. Qd6+ Qxd6 42. Bxd6 Ke6 43. Kg2 a5 44. Bc5 Kd5 45. Bd4 a4 46. bxa4 1-0